Statistics for OvO Game Level Names (New)

Click here to take the quiz!

General Stats

  • This quiz has been taken 9 times
  • The average score is 20 of 53

Answer Stats

LevelAnswer% Correct
1Start
100%
2Hard
100%
3Harder
80%
6Impossible
80%
15Deadly Contraption 1
60%
4Hardest
60%
5Hellish
60%
7Godlike
60%
9A Wise Decision
60%
28Deadly Contraption 2
60%
29Friendly Little Platform 1
60%
30Friendly Little Platform 2
60%
31Hilarious Quadrilateral
60%
16A Way Down
60%
39Graduation?
40%
32Run For Your Life
40%
36Test of Speed
40%
25Simple Mechanics
40%
40Final Exam
40%
43Hysterical Quadrilateral
40%
48Binary
40%
26Three Doors
40%
27Alive Contraption
40%
22Iterations
40%
21A Way Up
40%
20Dormant Contraption
40%
19Little Spikehouse
40%
18Mirrored Room 1
40%
17Take It Slow
40%
8Jump & Dive
40%
23Leap of Faith
40%
24Maelstrom
20%
42Procedural
20%
52Andromeda
20%
51The Twin Towers
20%
49Iron Maiden
20%
46Recursion
20%
45Arithmetic
20%
10A Matter of Strength
20%
12A Little Wall Maze
20%
11Reactivity
20%
38Test of Adaptation
20%
37Test of Accuracy
20%
13A Matter of Speed
20%
35Test of Instinct
20%
34Test of Intelligence
20%
33Selection Exam
20%
14Timing
20%
58Motion Blur
20%
41Initialisation
0%
44Back-Propagation
0%
47Rocket Science
0%
50Threading The Needle
0%

Score Distribution

Percentile by Number Answered

Percent of People with Each Score

Your Score History

You have not taken this quiz